000 00586nam a2200241 a 4500
001 nice12345678
003 IN_TiNIC
005 20260116011736.0
008 050524s1973 hyda grp 000 0 urd
020 _a
_c3
082 0 0 _a891.4391
_bREH1
100 _aRehani, Lucknowi
245 _aPaigham-E-Hayat
260 _aHyderabad
_bHenry Martyn Institute
_c1973
300 _a160p
500 _aincludes index and biblioraphy
505 2 _aindex
650 _aReligious-Poetry Christianity
700 1 _aRehani, Lucknowi
902 _bSRS
942 _cBK
999 _c3625
_d3625